Astronomischer jahresbericht, band 62, die literatur des jahres 1962 (Record no. 2493)
[ view plain ]
| 000 -LEADER | |
|---|---|
| fixed length control field | 00556nam a2200181Ia 4500 |
| 003 - CONTROL NUMBER IDENTIFIER | |
| control field | IN-BaIIA |
| 008 - FIXED-LENGTH DATA ELEMENTS--GENERAL INFORMATION | |
| fixed length control field | 211028s9999 xx 000 0 eng d |
| 040 ## - CATALOGING SOURCE | |
| Transcribing agency | IIA Library |
| 080 ## - UNIVERSAL DECIMAL CLASSIFICATION NUMBER | |
| Universal Decimal Classification number | 048:52 |
| Item number | HEN |
| 100 ## - MAIN ENTRY--PERSONAL NAME | |
| Personal name | Lohmann, W. |
| 9 (RLIN) | 4457 |
| 245 #0 - TITLE STATEMENT | |
| Title | Astronomischer jahresbericht, band 62, die literatur des jahres 1962 |
| Statement of responsibility, etc. | W. Lohmann, F. Henn, U. Güntzel-Lingner |
| 260 ## - PUBLICATION, DISTRIBUTION, ETC. | |
| Place of publication, distribution, etc. | Berlin |
| Name of publisher, distributor, etc. | Walter De Gruyter |
| Date of publication, distribution, etc. | 1964 |
| 300 ## - PHYSICAL DESCRIPTION | |
| Extent | xvi, 728p. |
| 650 ## - SUBJECT ADDED ENTRY--TOPICAL TERM | |
| Topical term or geographic name entry element | Astronomy Abstracts |
| 9 (RLIN) | 4458 |
| 700 ## - ADDED ENTRY--PERSONAL NAME | |
| Personal name | Henn, F. |
| 9 (RLIN) | 4459 |
| 700 ## - ADDED ENTRY--PERSONAL NAME | |
| Personal name | Lingner, U. Güntzel |
| 9 (RLIN) | 4460 |
| 942 ## - ADDED ENTRY ELEMENTS (KOHA) | |
| Koha item type | Books |
| Withdrawn status | Lost status | Damaged status | Not for loan | Home library | Current library | Shelving location | Date acquired | Cost, normal purchase price | Total Checkouts | Full call number | Barcode | Date last seen | Cost, replacement price | Price effective from | Koha item type | Purchase Price |
|---|---|---|---|---|---|---|---|---|---|---|---|---|---|---|---|---|
| IIA Library-Bangalore | IIA Library-Bangalore | General Stacks | 19/07/1965 | 88.50 | 048:52/ HEN | 2780 | 05/11/2021 | 88.50 | 19/07/1965 | Books | Rs. 88.50 |